000 00736nam a2200193Ia 4500
001 8657
003 GE_BSU
008 181216s||||||||xx |||||||||||||| ||und||
040 _cGE_BSU
245 _aსაქართველოს ბიბლიოთეკა :№2(51) 2013
245 _bჟურნალი გამოდის წელიწადში ოთხჯერ.
245 _cრედ.: ალექსანდრე ლორია, გურამ თაყნიაშვილი.
260 _aთბილისი
260 _c2013
300 _a50გვ.29სმ.
653 _aპერიოდიკა
653 _aსაქართველოს ბიბლიოთეკა
942 _cCR
999 _c41973
_d41973